Представление документа в формате MARC21

ПолеНазваниеЗначение
  Тип записи a
  Библиографический уровень m
001 Контрольный номер RU/URAIT/584713
005 Дата корректировки 20260429163655.9
008 Кодируемые данные 260429s2026 RU y f j 000 0 rus u
020 Индекс ISBN __
a ISBN 978-5-534-07067-5
c Цена, тираж 1729.00
040 Источник каталогиз. __
a Служба первич. каталог. ИКО Юрайт
c Служба, преобразующая запись ИКО Юрайт
e Правила каталог. RCR
041 Код языка издания __
a Код языка текста rus
044 Код страны публикации __
a Код страны публикации RU
080 Индекс УДК __
a Индекс УДК 517(075.8)
084 Индекс другой классификации/Индекс ББК __
2 Источник индекса rubbk
a Индекс другой классификации/Индекс ББК 22.16я73
100 Автор __
a Автор Ильин В. А.
q Полное имя Ильин Владимир Александрович
245 Заглавие __
a Заглавие Математический анализ в 2 ч. Часть 1 в 2 кн. Книга 1
b Продолж. заглавия учебник для вузов
c Ответственность В. А. Ильин, В. А. Садовничий, Б. Х. Сендов.
250 Сведения об издании __
g пер. и доп
a Основные сведения об издании 4-е изд.
256 Характеристики компьютерного файла __
a Характеристики компьютерного файла Электрон. дан.
260 Выходные данные __
a Место издания Москва
b Издательство Юрайт
c Дата издания 2026
300 Физическое описание __
a Объем 324 с
440 Серия __
a Серия Высшее образование
500 Примечания __
a Примечание URL: https://urait.ru/bcode/584713 (дата обращения: 29.04.2026).
520 Аннотация __
a Аннотация Книга является первой частью издания по математическому анализу широкого профиля, имеющего три уровня изложения: облегченный, основной и повышенный. Эти три уровня отвечают соответственно программе технических вузов с углубленным изучением математического анализа, программе по специальности «прикладная математика и информатика» и программе механико-математических факультетов университетов. Учебник включает в себя элементарную теорию вещественных чисел и числовых множеств, основные определения и утверждения теории пределов, теории непрерывности функций, основные теоремы дифференциального исчисления функций одной или нескольких переменных (включая теорию неявных функций) и все основные теоремы интегрального исчисления функций одной переменной.
538 Прим. о системных особенностях __
a Прим. о системных особенностях Режим доступа: Электронно-библиотечная система Юрайт, для авториз. пользователей
653 Ключевые слова __
a Ключевые слова Математический анализ
653 Ключевые слова __
a Ключевые слова Математика и статистика
653 Ключевые слова __
a Ключевые слова Математика
653 Ключевые слова __
a Ключевые слова Математический анализ
653 Ключевые слова __
a Ключевые слова Математика (элементы высшей математики, теория вероятностей, математическая статистика)
653 Ключевые слова __
a Ключевые слова Высшая математика
653 Ключевые слова __
a Ключевые слова математический анализ II (функции многих переменных, теория комплексных чисел)
653 Ключевые слова __
a Ключевые слова Основы математического анализа
653 Ключевые слова __
a Ключевые слова Элементы высшей математики
653 Ключевые слова __
a Ключевые слова Дополнительные вопросы математического анализа
653 Ключевые слова __
a Ключевые слова Дополнительные главы математического анализа
653 Ключевые слова __
a Ключевые слова Математика. Математический анализ
653 Ключевые слова __
a Ключевые слова Избранные вопросы математического анализа
653 Ключевые слова __
a Ключевые слова Введение в высшую математику
653 Ключевые слова __
a Ключевые слова Введение в математику
653 Ключевые слова __
a Ключевые слова Математика (специальный раздел)
653 Ключевые слова __
a Ключевые слова Основы высшей математики
653 Ключевые слова __
a Ключевые слова Математика: алгебра, начала математического анализа, геометрия
653 Ключевые слова __
a Ключевые слова Математика (высшая)
653 Ключевые слова __
a Ключевые слова Математика: алгебра и начала математического анализа, геометрия
653 Ключевые слова __
a Ключевые слова Нестандартные задачи математического анализа
653 Ключевые слова __
a Ключевые слова Математика: математический анализ, дифференциальные уравнения, вероятность, статистика
653 Ключевые слова __
a Ключевые слова Введение в математический анализ
653 Ключевые слова __
a Ключевые слова Корректирующий курс по математике
653 Ключевые слова __
a Ключевые слова Специальные главы математического анализа
653 Ключевые слова __
a Ключевые слова Спецкурс математического анализа
653 Ключевые слова __
a Ключевые слова Избранные главы математического анализа
653 Ключевые слова __
a Ключевые слова Некоторые специальные вопросы математического анализа
653 Ключевые слова __
a Ключевые слова Общий курс высшей математики
653 Ключевые слова __
a Ключевые слова Вводный курс в высшую математику
653 Ключевые слова __
a Ключевые слова Основы математики
653 Ключевые слова __
a Ключевые слова Высшая математика (математический анализ)
653 Ключевые слова __
a Ключевые слова Математика (общий курс)
653 Ключевые слова __
a Ключевые слова Математика (спецглавы)
653 Ключевые слова __
a Ключевые слова Математика. Специальный курс
653 Ключевые слова __
a Ключевые слова Избранные вопросы содержания курса алгебры и математического анализа
653 Ключевые слова __
a Ключевые слова Углубленные вопросы математического анализа
653 Ключевые слова __
a Ключевые слова Дополнительные главы математического анализа и геометрии
653 Ключевые слова __
a Ключевые слова Дифференциальное и интегральное исчисление функций одной переменной
653 Ключевые слова __
a Ключевые слова Математика (базовая)
700 Другие авторы __
a Другие авторы Садовничий В. А.
q Полное имя Садовничий Виктор Антонович
700 Другие авторы __
a Другие авторы Сендов Б. Х.
q Полное имя Сендов Благовест Христов
856 Электронный адрес документа 40
n Местонахождение сервера Юрайт
g Электронная книга
q Тип электронного формата html
h Имя пользователя ЮРАЙТ
v Часы доступа к ресурсу 20271231
2 Способ доступа Показать документ
x Служебное примечание https://urait.ru/book/cover/BD88F9DF-F99A-40C6-873A-DE1DFB265E1C
u URL https://urait.ru/bcode/584713
856 Электронный адрес документа 48
q Тип электронного формата cover
u URL https://urait.ru/book/cover/BD88F9DF-F99A-40C6-873A-DE1DFB265E1C
911 __
u 0030=https://urait.ru/bcode/584713
911 __
u 073a=9785534070675
u 073d=1729.00
911 __
u 106a=s
911 __
u 900l=
952 Тип литературы __
i Дисциплина Математика
952 Тип литературы __
i Дисциплина Математический анализ
952 Тип литературы __
i Дисциплина Математика (элементы высшей математики, теория вероятностей, математическая статистика)
952 Тип литературы __
i Дисциплина Высшая математика
952 Тип литературы __
i Дисциплина математический анализ II (функции многих переменных, теория комплексных чисел)
952 Тип литературы __
i Дисциплина Основы математического анализа
952 Тип литературы __
i Дисциплина Элементы высшей математики
952 Тип литературы __
i Дисциплина Дополнительные вопросы математического анализа
952 Тип литературы __
i Дисциплина Дополнительные главы математического анализа
952 Тип литературы __
i Дисциплина Математика. Математический анализ
952 Тип литературы __
i Дисциплина Избранные вопросы математического анализа
952 Тип литературы __
i Дисциплина Введение в высшую математику
952 Тип литературы __
i Дисциплина Введение в математику
952 Тип литературы __
i Дисциплина Математика (специальный раздел)
952 Тип литературы __
i Дисциплина Основы высшей математики
952 Тип литературы __
i Дисциплина Математика: алгебра, начала математического анализа, геометрия
952 Тип литературы __
i Дисциплина Математика (высшая)
952 Тип литературы __
i Дисциплина Математика: алгебра и начала математического анализа, геометрия
952 Тип литературы __
i Дисциплина Нестандартные задачи математического анализа
952 Тип литературы __
i Дисциплина Математика: математический анализ, дифференциальные уравнения, вероятность, статистика
952 Тип литературы __
i Дисциплина Введение в математический анализ
952 Тип литературы __
i Дисциплина Корректирующий курс по математике
952 Тип литературы __
i Дисциплина Специальные главы математического анализа
952 Тип литературы __
i Дисциплина Спецкурс математического анализа
952 Тип литературы __
i Дисциплина Избранные главы математического анализа
952 Тип литературы __
i Дисциплина Некоторые специальные вопросы математического анализа
952 Тип литературы __
i Дисциплина Общий курс высшей математики
952 Тип литературы __
i Дисциплина Вводный курс в высшую математику
952 Тип литературы __
i Дисциплина Основы математики
952 Тип литературы __
i Дисциплина Высшая математика (математический анализ)
952 Тип литературы __
i Дисциплина Математика (общий курс)
952 Тип литературы __
i Дисциплина Математика (спецглавы)
952 Тип литературы __
i Дисциплина Математика. Специальный курс
952 Тип литературы __
i Дисциплина Избранные вопросы содержания курса алгебры и математического анализа
952 Тип литературы __
i Дисциплина Углубленные вопросы математического анализа
952 Тип литературы __
i Дисциплина Дополнительные главы математического анализа и геометрии
952 Тип литературы __
i Дисциплина Дифференциальное и интегральное исчисление функций одной переменной
952 Тип литературы __
i Дисциплина Математика (базовая)